Poetry Map: Shel Silverstein - 'Listen to the Mustn'ts' Quiz Stats

 Plays Quiz not verified by Sporcle

Score 0/36 Timer 03:00
0 Plays Today
% Correct
by Shel Silverstein
100%
LISTEN TO THE MUSTN'TS
100%
the
90.4%
the
90.4%
the
90.4%
The
90.4%
the
90.4%
the
90.4%
Listen
88.6%
Listen
88.6%
Listen
88.6%
Listen
88.6%
listen
88.6%
to
88%
to
88%
to
88%
to
88%
to
88%
% Correct
MUSTN'TS,
87.4%
can
66.5%
can
66.5%
DON'TS
65.9%
child,
61.7%
child,
61.7%
WONT'S
59.9%
SHOULDN'TS
56.3%
me—
52.7%
be.
51.5%
Then
50.9%
close
47.9%
Anything
47.3%
ANYTHING
47.3%
happen,
44.3%
NEVER
43.7%
IMPOSSIBLES,
32.3%
HAVES
25.1%

You're not logged in!

Compare scores with friends on all Sporcle quizzes.
Join for Free
OR
Log In

You Might Also Like...

Show Comments

Extras

Curator's Pick Jun 23, 2014SourceReportNominate
Tags:Poem Quiz, listen, poetry, Shel Silverstein

Top Quizzes Today


Score Distribution

Your Account Isn't Verified!

In order to create a playlist on Sporcle, you need to verify the email address you used during registration. Go to your Sporcle Settings to finish the process.

Report this User

Report this user for behavior that violates our Community Guidelines.

Details: